[Event "Turnier 40 / 120"]
[Site "Wien"]
[Date "2023.10.16"]
[Round "20"]
[White "Mephisto Magellan – 20 MHZ"]
[Black "Novag Star Diamond – 25 MHZ"]
[Result "0-1"]
[BlackElo "2161"]
[WhiteElo "2233"]

{Analyse ----> Stockfish 16} 1. d4 c5 2. d5 d6 3. c4 Nf6 4. Nc3 g6 5. e4
Bg7 6. Be2 O-O 7. Bg5 e6 8. Qd2 exd5 9. exd5 {Buchende} Qb6 {Buchende} 10.
Nf3 {Buchbewertung Mephisto Magellan: 0,0} Re8 {Buchbewertung Novag Star
Diamond: +0,15, lt. Stockfish steht Weiss etwas besser mit ca. +0,70,
besser ist Lf5 mit Ausgleich} 11. O-O h6?? {bereits ein Verlustzug,
Stockfish -2,50, angesagt war einfach normale Weiterentwicklung mittels
11.Lf5} 12. Be3?? {aber der Gewinn eben wieder nur lt. Stockfish, verpasst
den sofortigen Gewinn und büsst ganze 2 Bauerneinheiten ein, Stockfish
+0,60, gewonnen hätte Lxh6} Bf5 13. Rae1 Nbd7 14. Nh4 Bg4?? {ein
Verlustzug, Stockfish -2,30, nötig war 14. Se4} 15. Bxh6??? {verschenkt
einfach alles, danach ist die Stellung im Lot, Stockfish 0,00, hier hat
Magellan Pech und verwirft wirklich im Allerletzen Moment noch den
Gewinnzug 15. f3 bei exakt gleicher Bewertung, zuvor hatte er den Gewinnzug
mit +0,4 bewertet, ebenso wie den Textzug, die Abweichung ist also nur im
Hundertstelbereich und bei einer Stelle nach dem Komma gar nicht erkennbar,
eine fatale Fehleinschätzung.} Bxe2 {besser ist Lxh6 mit Ausgleich,
Stockfish -0,40} 16. Rxe2 {leichten Vorteil versprach noch Lxg7, nach dem
Textzug ist die Partie bereits Remis, Stockfish 0,00} Rxe2 17. Nxe2 Bxh6
18. Qxh6 Qxb2 19. Nxg6?? {und nun tritt wieder eine bereits hinreichend
bekannte Programmschwäche von Magellan zum Tageslicht, wieder einmal
schenkt er eine Figur für 2 Bauern her, danach steht Schwarz bereits klar
besser, Stockfish -1,00, das Remis gesichert hätte Sg3} fxg6 20. Qxg6+ Kh8
21. Nf4 Nf8 22. Qh6+ Kg8 23. Qg5+??? {ein Verlustzug, Stockfish -2,40
deutlich mehr Widerstand leistet 23. Sg6 mit ca. -1,00} Kf7 24. Nh5 Nxh5
25. Qxh5+ Ng6 26. Qh7+ Qg7 27. Qh5 {Magellan hat keine Ahnung von dieser
Stellung, Bewertung: -0,3 ?? / die Stellung ist bereits hoffnungslos
verloren für Weiss zumindest aus Sicht von Stockfish 16: -3,00} Re8 {der
richtige Zug und Novag Star Diamond erkennt hingegen bereits klaren
Vorteil: Bewertung: +1,69, hier beende ich die weitere Kommentierung, es
sei denn Star Diamond macht noch einen Megabock, hier ist alles erledigt,
auch wenn er nicht immer den idealen Zug macht, ein paar Zehntel auf oder
ab spielen hier keine Rolle mehr.} 28. h3 Re7 29. f4 Qh8 30. Qf5+ Qf6 31.
Qh5 Qh4 32. Qf5+ Kg7 33. Kh2 Re2 34. a4 Qf6 35. Qd3 Qb2? {ein schlechter
Zug, der wieder einen Kommentar erfordert, da er ca. 1,3 Bauerneinheiten
einbüsst, Stockfish +2,30, deutlich stärker ist Ta2 mit ca. +3,60} 36. Qg3
Kf7 37. Qg4 Qc2?? {ein grottenschlechter Zug, der den Sieg bereits in
Gefahr bringt, Stockfish nur noch +0,60, nötig war Se7} 38. Rf3! {richtig}
Qe4 39. a5! {richtig, der einzige Zug, der Weiss im Spiel hält, sofort
verloren hätte der von Star Diamond vorgeschlagene Zug 29. f5 ?? mit ca.
-5,00} Kf6? {verspielt den letzten kleinen Rest des Vorteiles, danach ist
die Partie bereits Remis, Stockfish 0,00, etwas Vorteil hätte noch Ke8
versprochen mit ca. +0,40} 40. Qg5+ Kg7 41. Rg3 {nicht optimal, das Remis
gesichert hätte bereits f5, auch nach dem Textzug sind die Remischancen von
Weiss aber noch intakt, Stockfish -0,10} Rf2 42. f5??? {aber hier rächt
sich jetzt die verpasste Remischance, ein absoluter Verlustzug, danach ist
die Partie sofort verloren, Stockfish -3,50, nötig war Dg4 und alles ist im
Lot} Qxf5 43. Qe7+ Kh6 44. Qxd6 Re2 45. a6 b6 46. Qc6? {verliert forciert,
Stockfish -5,00, deutlich besser ist noch Tg4 mit ca. -3,50} Re1! {richtig
und das war es} 47. Rg4??? {auch das ist nochmals ein absoluter
Katastrophenzug, der sofort verliert, hier zeigt Stockfish bereits ein Matt
in 27 an, deutlich mehr Widerstand leistet noch Tf3 mit ca. -5,00, aber gut
hier kann ich den Wunsch nach der Beendigung dieses Leides verstehen, hier
freut es Magellan wohl nicht mehr, verständlich} Qe5+? {ein Matt in 27 ist
aber für einen Oldie natürlich absolut unmöglich zu sehen, aber auch der
Textzug gewinnt natürlich klar die Partie, Stockfish +5,00, richtig war Db1
!} 48. Rg3 Rh1+??? {also das ist ja nicht zu fassen, dieser Katastrophenzug
verschenkt bereits den Sieg und die gesamten 5 Bauerneinheiten, danach ist
es bereits Remis, Stockfish 0,00, gewonnen hätte Df5, aber gut das war
natürlich ein Problem für Star Diamond, Stockfish hätte damit den Fehler
korrigiert, für Star Diamond wäre das aber eine Stellungswiederholung mit
der Bewertung 0,00, daher nicht spielbar} 49. Kxh1 Qxg3 50. d6 Qe1+ 51. Kh2
Qe5+ 52. Kh1 Qf6 53. Qd5??? {was für ein Horrorzug, der die Partie sofort
verliert, Stockfish -10,00, nötig war Db7 und es ist Remis, nach diesem Zug
kann man sich jeden weiteren Kommentar schenken, natürlich folgt hier Da1+,
Kh2, De5+ und es ist aus} Qa1+ 54. Kh2 Qe5+ 55. Qxe5 Nxe5 {Rest geschenkt}
0-1
[/pgn]
[pgn]

[Event "Turnier 40 / 120"]
[Site "Wien"]
[Date "2021.05.15"]
[Round "21"]
[White "Novag Star Diamond – 25 MHZ"]
[Black "Mephisto Magellan – 20 MHZ"]
[Result "1/2-1/2"]
[BlackElo "2233"]
[WhiteElo "2161"]

{Analyse ----> Stockfish 16} 1. f4 d5 2. Nf3 c5 3. e3 {Buchende} Nf6
{Buchende} 4. Ne5 {Buchbewertung Novag Star Diamond: +0,73} e6
{Buchbewertung Mephisto Magellan: +0,1 lt. Stockfish ist die Stellung etwa
gleich} 5. Bb5+ Nbd7 6. O-O Bd6 7. d4 O-O 8. Nc3 {weniger gut, besser ist
a4 mit Ausgleich, Stockfish -0,70} a6 9. Bd3 b5 10. Qd2? {deutlich
vorzuziehen ist a3, Stockfish -1,20} c4 11. Be2 b4 12. Nb1 {besser ist Sd1,
Stockfish -1,40} a5 13. Bf3 Ba6 14. c3 Qc7 15. Qc2 Rfb8 {besser ist Sb6,
Stockfish +1,00} 16. Nd2 b3? {klar zu bevorzugen ist a4, halbiert den
Vorteil von Schwarz, Stockfish +0,50} 17. Qb1? {ein schlechter Zug,
verdoppelt gleich wieder den Nachteil, Stockfish -1,00, nötig war Dd1} bxa2
{besser ist Sb6, Stockfish +0,70} 18. Rxa2 Bb7 19. e4 Nb6 20. exd5 exd5?
{ganz schwach, danach ist die Stellung bereits im Lot, nötig war Sfxd5 mit
ca. +0,80} 21. Re1 {besser ist g4, Stockfish -0,50} Re8 22. Bd1? {ein
schwacher Zug, Stockfish -1,00, deutlich besser ist Ta1} Re6? {auch nicht
gerade das Gelbe vom Ei, Stockfish +0,50, deutlich besser ist Se4} 23. Bc2
Ree8 24. Bf5 Bc8 25. Bxc8 {besser ist Lc2, Stockfish -0,80} Nxc8 26. Qc2
Nb6 27. Qf5 Re7 28. Re3 a4 29. Ra1 Rae8 30. h3 {besser ist Th3} Qb7? {ein
schlechter Zug, danach ist jeglicher Vorteil dahin, deutlich besser ist
Te6} 31. Kh1? {ein völlig sinnloser Zug, nötig war Tg3 mit Ausgleich,
Stockfish -1,00} Re6 32. Re1 g6 {besser ist Dc8, Stockfish +0,80} 33. Qg5
Nfd7 {besser ist Sh5, Stockfish +0,50} 34. f5 f6 35. Qh4? {ein ganz
schlechter Zug, danach steht Schwarz bereits klar besser, Stockfish -1,50,
nötig war Dg3} gxf5? {ebenfalls ganz schlecht, verschenkt eine ganze
Bauerneinheit, Stockfish +0,50, nötig war T6e7} 36. Nef3? {wieder ganz
schwach, danach ist Schwarz wieder klar im Vorteil, Stockfish -1,80, nötig
war Dg3+} Rxe1+ 37. Nxe1 a3??? {ein idiotischer Zug, der einfach den Bauern
für nichts herschenkt, danach ist die Stellung im Lot, nach Sf8, wäre
Schwarz bereits entscheidend im Vorteil gewesen mit ca. +2,00} 38. Nc2
{etwas besser ist bxa3, aber auch nach dem Textzug ist Schwarz nur minimal
im Vorteil mit ca. +0,30} axb2 39. Bxb2 Re2 40. Bc1 Bb8??? {danach ist die
Partie bereits verloren, Stockfish -2,00, nötig war Sf8 mit Ausgleich} 41.
Kg1??? {so aber nicht, verschenkt auf einen Schlag den gesamten Vorteil,
die Stellung ist wieder im Lot, gewonnen hätte Dh5} Qc7 42. Kf1 Re6 43. Nf3
Re4 44. Qh5 Qg3 45. Qxf5 Qg6 46. g4 Qxf5 47. gxf5 Nc8 48. Nb4 Ne7 49. Ra8
Kf7 50. Ra5 Nxf5 51. Rxd5 Ke6 52. Rb5?? {ein ganz schlechter Zug, danach
ist die Partie praktisch schon verloren, Stockfish -2,00, deutlich besser
ist Sg1 mit Ausgleich} Ng3+ {der richtige Zug, aber Magellan sieht
natürlich noch keinen klaren Gewinn so wie Stockfish für einen Oldie ist
das auch natürlich noch lange nicht erledigt, Bewertung: +0,3} 53. Kf2
{Novag Star Diamond sieht sich sogar leicht im Vorteil: Bewertung: +0,38}
Re2+ 54. Kg1 Ne4 {der richtige Zug, Magellan: +0,5} 55. d5+ {Novag Star
Diamond: -0,11} Kf7 {Magellan: +0,8} 56. Rb7 {Novag Star Diamond: -0,15}
Ke8 57. Nc6 {Star Diamond: -0,50} Bg3! {Magellan: +1,2 / Stockfish +2,10}
58. Bh6?? {Star Diamond: -0,80 / ein ganz schlechter Zug, danach ist
bereits alles aus, Stockfish -4,50, deutlich mehr Widerstand leistet S6d4
mit ca. -2,20} Rf2! {Magellan spielt stark in dieser Phase, wieder der
richtige Zug, Bewertung: +1,6} 59. Ncd4 {Star Diamond: -1,42} Ne5!
{richtig, Magellan: +2,4} 60. Rb6 Nxf3+ 61. Nxf3 Nxc3? {ein schlechter Zug,
der den Gewinn deutlich erschwert, weit besser ist f5 mit ca. +5,50 und
auch noch Txf3 ist klar besser mit ca. +4,30, Stockfish +3,80} 62. Rxf6
Nxd5??? {ein Horrorzug, der den Sieg auf einen Schlag verschenkt, danach
ist die Partie bereits Remis, Stockfish 0,00, gewonnen hätte Se2+, Kh1,
c3... usw.} 63. Rf8+ Ke7 64. Rf5 Nc3 65. Be3 Re2 66. Bg5+ Ke8 67. Nd4 Rb2
68. Rf6 Nd5 69. Rf5 Ne7 {damit ist das Remis bereits besiegelt, aber gut
das können die beiden Geräte natürlich nicht wissen, einfach Lxe7 und in
der Folge ist der C-Bauer nichts mehr wert, da er im Notfall vom Springer
genommen werden kann, danach hat Schwarz nur noch den Randbauern und dann
kommt das Motiv des "falschen" Läufers zum Tragen, das Einzugsfeld ist
Weiss, der Läufer kann sich nur auf Schwarz bewegen und das war es dann}
70. Rf1 {nicht optimal, aber gut wie gesagt, das können die beiden Geräte
nicht wissen, nach dem Textzug ist Schwarz leicht im Vorteil, bei richtiger
Verteidigung sollte aber Weiss die Stellung halten können, Stockfish -0,30}
Ng6 71. Nf3 c3 {leichten Vorteil versprach noch Lf4 mit ca. +0,40, nach dem
Textzug ist die Partie Remis, Stockfish 0,00} 72. Bf6 Nf4 {danach sind
natürlich auch alle theoretischen Gewinnchancen vorbei, etwas Hoffnung gab
noch Tb3, gewinnt aber auch nicht, nun nimmt Weiss einfach den vorletzten
Bauern und kann in der Folge eine x-beliebige Leichtfigur für den letzten
Randbauern geben.} 73. Bxc3 {Userentscheid: Remis} 1/2-1/2
[/pgn]
[pgn]

[Event "Turnier 40 / 120"]
[Site "Wien"]
[Date "2023.10.17"]
[Round "22"]
[White "Mephisto Magellan – 20 MHZ"]
[Black "Novag Star Diamond – 25 MHZ"]
[Result "1-0"]
[BlackElo "2161"]
[WhiteElo "2233"]

{Analyse ----> Stockfish 16} 1. e4 d6 2. d4 Nf6 3. Nc3 g6 4. Bg5 Bg7 5. Qd2
c6 6. f4 O-O {Buchende} 7. O-O-O {Buchende} b5 {Buchbewertung Novag Star
Diamond: +0,15} 8. Bd3 {Buchbewertung Mephisto Magellan: +0,3 / lt.
Stockfish steht Schwarz etwas besser mit ca. +0,50} Qa5 {besser ist Sbd7,
nach dem Textzug ist die Stellung im Lot} 9. Kb1 b4 10. Nce2 Nbd7 11. Ng3?
{ein ganz schlechter Zug, danach ist Schwarz bereits klar im Vorteil,
Stockfish -1,30, deutlich besser ist h4 mit annäherndem Ausgleich} h6?
{ebenfalls ganz schwach, danach ist die Stellung wieder im Lot, nötig war
c5} 12. Bh4? {ein schlechter Zug, deutlich zu bevorzugen ist Lxf6, danach
ist Schwarz wieder klar im Vorteil, Stockfish -1,40} Ba6? {gibt neuerlich
postwendend den gesamten Vorteil ab, die Stellung ist wieder im Lot, nötig
war wieder c5} 13. Bxa6 Qxa6 14. Bxf6 b3? {völliger Schwachsinn, schenkt
den Bauern her für nichts und der Doppelbauer ist ja sogar noch ein
doppelter Schutz für den weissen König wenn man so will, danach steht Weiss
bereits klar besser, Stockfish -1,50, natürlich einfach Sxf6 mit Ausgleich}
15. cxb3 Nxf6 16. f5 Kh7 {besser ist c5, Stockfish -2,00} 17. Nf3 Rfc8?
{das muss man bereits als Verlustzug bewerten, deutlich mehr Widerstand
leistet c5, Stockfish -3,20} 18. e5 Nd5 19. e6 {besser ist h4, Stockfish
+2,70} fxe6 20. fxg6+ Kxg6 {besser ist noch Kg8, Stockfish -3,70} 21. Rhe1
Kf7 22. Nh5 Qb5? {deutlich besser ist noch Th8, Stockfish -5,00} 23. Nxg7
Kxg7 24. Rxe6 Rh8 25. Nh4 Kf7 26. Rde1 Ke8 27. Rxd6 Rf8 28. Rxh6 Rd8 29.
Ng6 Rg8 30. Qc2 Rc8? {verliert sofort, deutlich besser ist noch Txg6,
verliert aber auch klar bereits mit -7,00 / Stockfish -45,00} 31. Nxe7!
{Stockfish Matt in 25} Qb4 32. Rhe6 Nxe7 {Novag Star Diamond: -11,53 ---->
aufgegeben} 1-0
[/pgn]
[pgn]

[Event "Turnier 40 / 120"]
[Site "Wien"]
[Date "2023.02.16"]
[Round "23"]
[White "Novag Star Diamond – 25 MHZ"]
[Black "Mephisto Magellan – 20 MHZ"]
[Result "1/2-1/2"]
[BlackElo "2233"]
[WhiteElo "2161"]

{Analyse -----> Stockfish 16} 1. e4 e5 2. Nf3 Nf6 3. Nxe5 d6 4. Nf3 Nxe4 5.
Qe2 Qe7 6. d3 Nf6 7. Bg5 Nbd7 8. Nc3 Qxe2+ {Buchende} 9. Bxe2 Be7
{Buchbewertung Mephisto Magellan: -0,3} 10. O-O {Buchende} O-O 11. Rfe1
{Buchbewertung Novag Star Diamond: +0,38 lt. Stockfish ist die Stellung
etwa gleich} c6 12. Bf1 Bd8 13. d4 Ba5 14. Bf4 d5 15. Bd3 b5? {ein
schlechter Zug, danach steht Weiss bereits klar besser, Stockfish -1,00,
deutlich besser ist Se4 mit Ausgleich} 16. Ne5? {das bringt gar nichts,
danach ist die Stellung wieder im Lot, deutlich besser ist a4} Nh5 17. Bd2
Nxe5 18. Rxe5 Nf6 19. h3 Be6 20. Rae1 Rfe8 21. Kh1? h6 22. Kg1 Bc7 23. R5e2
Bb6 24. Be3 Bc7 25. Bd2 Bb6 26. a4 Bxd4 27. axb5 c5 28. b3 Rad8 29. Nb1 c4
30. bxc4 dxc4 31. Be4 Bd7 32. Ba5 Rb8 33. Bc3 Bxc3 34. Nxc3 Bxb5 35. Bf3
{trotz des Bauerngewinnes steht Schwarz nur minimal besser, Stockfish
-0,20} Rxe2 36. Rxe2 Kf8 37. Re5 a6 38. Rc5 Ke7 39. Rc7+ Ke6 40. Kf1 Rd8
41. Rb7 Rd2 42. Nxb5 axb5 43. Rb6+?? {ein Verlustzug, Stockfish -2,80,
nötig natürlich einfach Txb5} Ke7?? {verpasst den möglichen Gewinn und
verschenkt den gesamten Vorteil, gewonnen hätte Ke5, Kd4, usw.} 44. Rb7+??
{der nächste Verlustzug, nötig wieder einfach Txb5, Stockfish -2,50} Ke8??
{verschenkt wieder den Sieg, alles im Lot, gewonnen hätte Kd6} 45. Bc6+ Kf8
46. c3 Nd5 47. Ke1 Rd3 48. Rd7 Nxc3 49. Rxd3 cxd3 50. Kd2 b4 51. Kxd3 Ke7
52. Bf3 Na4 53. Kc4 Nb2+ 54. Kxb4 Nd3+ 55. Kc3 Nxf2 {der Bauerngewinn nützt
Schwarz nichts mehr, die Stellung ist Remis} 56. Kd2 Nh1 57. Ke3 f5 58. Bb7
g5 59. Kf3 Kf6 60. g3 h5 61. Kg2 Nxg3 62. Kxg3 h4+ 63. Kf2 g4 64. hxg4 fxg4
{Userentscheid: Remis} 1/2-1/2
[/pgn]
[pgn]

[Event "Turnier 40 / 120"]
[Site "Wien"]
[Date "2023.10.19"]
[Round "24"]
[White "Mephisto Magellan – 20 MHZ"]
[Black "Novag Star Diamond – 25 MHZ"]
[Result "1/2-1/2"]
[BlackElo "2161"]
[WhiteElo "2233"]

{Analyse -----> Stockfish 16} 1. c4 e5 2. Nc3 Nc6 3. Nf3 Nf6 4. d4 e4 5.
Nd2 Nxd4 6. Ndxe4 Nxe4 7. Qxd4 Nxc3 8. bxc3 d6 {Buchende} 9. e4 {Buchende}
Qh4 {Buchbewertung Novag Star Diamond: +0,80 / zu optimistisch, lt.
Stockfish ist die Stellung exakt im Lot 0,00} 10. g3 {Buchbewertung
Mephisto Magellan: -0,3 / der richtige Zug, Stockfish 0,00} Qg4 11. Bg2 Be7
12. O-O O-O 13. f3 {besser ist Lf4 mit Ausgleich, Stockfish -0,50} Qe6 14.
f4 Rd8 15. Rd1 Bd7 16. Ba3 {weniger gut, besser ist Le3, Stockfish -0,90}
Bf6 17. Qd3 Bc6 18. Re1 Rd7 {weniger gut, besser ist b6, Stockfish +0,30}
19. Rad1 Qg4 20. Qe3 Re8 21. c5 d5? {ein schlechter Zug, der eine ganze
Bauerneinheit einbüsst, danach steht Weiss etwas besser mit ca. +0,50, nach
dxc5 wäre es umgekehrt gewesen} 22. e5 Be7 23. Qd4 {besser ist Df2, die
Stellung ist im Lot} Qh5 {besser ist Lf8, Stockfish -0,70} 24. Rd2 Red8?
{der falsche Turm, deutlich besser ist T7d8, Stockfish -1,20} 25. Bb2? {ein
schlechter Zug, der den Vorteil von Weiss halbiert, Stockfish +0,60,
deutlich besser ist Df2} h6 {weniger gut, Stockfish -1,00, zu bevorzugen
ist Lb5} 26. Qf2 {besser ist Tf2, Stockfish +0,80} Bb5?? {danach ist die
Partie praktisch schon verloren, Stockfish -2,00, der Vorstoss f5 musste
mittels Df5 verhindert werden} 27. c6??? {verschenkt mehr als alles und
stellt die Partie komplett auf den Kopf, danach steht sogar Schwarz schon
besser, Stockfish -0,50 (verspielt auf einen Schlag 2,5 Bauerneinheiten),
nötig war wie gesagt 27. f5} bxc6? {ebenfalls schwach, verschenkt eine
ganze Bauerneinheit, danach ist Weiss wieder leicht im Vorteil, Stockfish
-0,50, besser natürlich Lxc6} 28. Qxa7 {eine schwierige Stellung für beide
Geräte, die hier nicht die idealen Züge finden können, besser ist h4, nach
dem Textzug ist die Stellung im Lot} Qf5 29. a4 Bc4 30. a5 Bf8 31. a6 Re8
32. Ra1 f6 33. Qb7 Bc5+ 34. Kh1 fxe5 35. Qxc6 Ba7 36. fxe5? {ein schlechter
Zug, danach ist Schwarz im Vorteil, Stockfish -0,80 deutlich besser ist
Txd5 mit Ausgleich} Qe6??? {also das ist natürlich völliger Schwachsinn,
das kann man eigentlich nur noch als Programmfehler bewerten, unglaublich
kurzsichtig, nach Dxe6, Txe6, Lh3 geht die Qualität für einen Bauern in 2
Zügen verloren, büsst ganze 2 Bauerneinheiten ein, danach steht Weiss
bereits klar besser, Stockfish -1,10, nötig war T7d8} 37. Qxe6+ Rxe6 38.
Bh3 Rde7 39. Bxe6+ Rxe6 40. Ra5 Kf7? {einen unnötige Verzögerung, warum
nicht einfach Txe5 ?, Stockfish -1,40} 41. Ba1?? {völliger Schwachsinn
verschenkt den gesamten Vorteil, danach ist die Stellung wieder im Lot,
nötig war Kg2 mit klarem Vorteil mit ca. +1,40} Rxe5 42. Kg2 Re1 43. h4 Ke6
44. Rb2 Kd6 45. Ra4 Bd3 46. h5 Be2?? {ein Verlustzug, Stockfish -2,70, das
Remis gesichert hätte hier bereits Tg1+} 47. Raa2?? {verschenkt sofort
wieder alles, Remis, gewonnen hätte 47. c4} Bxh5 48. Rb7 Rg1+ 49. Kh2 Bf3
50. g4 Rh1+ 51. Kg3 Be4 52. Rxa7 Rg1+ 53. Kh3 Rh1+ 54. Kg3 {spielt auf eine
Stellungswiederholung, auch Th2 gewinnt nicht mehr} Rg1+ 55. Kh4 Rh1+ 56.
Kg3 {Stellungswiederholung} 1/2-1/2
[/pgn]
[pgn]

[Event "Turnier 40 / 120"]
[Site "Wien"]
[Date "2023.10.19"]
[Round "25"]
[White "Novag Star Diamond – 25 MHZ"]
[Black "Mephisto Magellan – 20 MHZ"]
[Result "0-1"]
[BlackElo "2233"]
[WhiteElo "2161"]

{Analyse ----> Stockfish 16} 1. b3 e5 2. Bb2 Nc6 3. e3 Nf6 {Buchende} 4.
Nf3 e4 {Buchbewertung Mephisto Magellan: +0,1} 5. Nd4 Nxd4 6. Bxd4 Be7 7.
c4 O-O 8. Qc2 c6 9. Nc3 {Buchende} d5 10. cxd5 {Buchbewertung Novag Star
Diamond: +0,34 / lt. Stockfish ist die Stellung etwa gleich} cxd5 11. f3
{besser ist Le2, Stockfish -0,40} Bf5 {besser ist exf3, die Stellung ist im
Lot} 12. Rc1 {wieder wird das bessere Le2 verschmäht, Stockfish -0,70} Bg6
{deutlich schwächer als Tc8, die Stellung ist wieder im Lot} 13. d3?? {ein
Verlustzug, Stockfish -2,50, nötig war f4 mit Ausgleich} Rc8 {deutlich
schwächer als La3, aber auch nach dem Textzug bleibt Schwarz klar im
Vorteil, Stockfish +1,80} 14. Be2? {ein schlechter Zug, deutlich besser ist
noch Dd2, Stockfish -2,60} b5 15. fxe4?? {damit geht es steil bergab,
deutlich besser ist immer noch Dd2, Stockfish -4,60 (büsst ganze 2
Bauerneinheiten ein)} b4 16. e5 Nd7 17. Qb2 bxc3 18. Bxc3 Bg5 19. Kf2 Bh6
20. Bd4 Rxc1 21. Qxc1 Re8 22. Qc3 Qe7 23. Qc7 a6 {vorzuziehen ist f6, aber
natürlich völlig ausreichend, Stockfish +3,70} 24. Rc1 f6 25. Bf3 {mehr
Widerstand leistet noch Dd6, Stockfish -4,70} fxe5 26. Bxd5+ Kh8 27. Ba7
Bxd3 {besser ist Dh4+, aber hier gewinnt natürlich schon jede halbwegs
plausible Fortsetzung, Stockfish +4,00} 28. Kg1 Rf8 {deutlich schwächer als
Sf6, Stockfish +3,30} 29. h3 Bg5 30. Bc6 Rd8 31. Bd5 Qa3 32. Kh2 Qxa2
{Schwarz bekommt einen weiteren Bauern und hat damit bereits eine ganze
Figur mehr, Stockfish +4,70} 33. Qb7 Qa5 34. Be6 Qb5 35. Qc7 Nf8 36. Bg4
Be4 37. Rc4 Bd5 38. Rc2 Qxb3 {und noch ein Bauer, hier beende ich die
Kommentierung es sei denn Magellan macht noch einen Megabock, aber davon
ist hier nicht mehr auszugehen, hier ist natürlich alles erledigt,
Stockfish +5,00} 39. Rf2 Ng6 40. Qa5 Qb5 41. Qc3 Bh4 42. Rc2 Qf1 43. Qd2
Be4 44. Qe2 Qxe2 {Nach dem Damentausch sind auch alle theoretischen Chancen
von Weiss von wegen Dauerschach dahin, hier ersparte ich Star Diamond die
unvermeidliche Hinrichtung, Userentscheid: 0-1} 0-1
[/pgn]
[pgn]